000
00322nam a22001337a 4500
020
_a
9780983632603
082
_a
823.912
_b
AMA
100
_a
Joe Amato
245
_a
Big man with a shovel
_c
Joe Amato
260
_a
Boulder, CO
_b
Steerage Press, Boulder
_c
2011
300
_a
162p
563
_a
PB
942
_2
ddc
_c
LC
999
_c
591971
_d
591971